El Príncipe Feliz; El Ruiseñor y la Rosa y otros cuentos
Guardat en:
| Autor principal: | |
|---|---|
| Format: | Llibre |
| Idioma: | espanyol |
| Publicat: |
Santiago
Andres Bello
1996
|
| Edició: | 3a. ed |
| Col·lecció: | Colección Andrés Bello, 101
|
| Matèries: | |
| Etiquetes: |
Afegir etiqueta
Sense etiquetes, Sigues el primer a etiquetar aquest registre!
|
MARC
| LEADER | 00000nam a2200000 a 4500 | ||
|---|---|---|---|
| 001 | UCH5491 | ||
| 003 | CL-VaPUC | ||
| 008 | 091014e19960000CL |||||||||||||||||spa|d | ||
| 020 | |a 9561314150 | ||
| 082 | 0 | 4 | |a 823 |b WIL |2 21 |
| 100 | |a Wilde, Oscar |d 1854-1900 |e author |9 347444 | ||
| 245 | 1 | 3 | |a El Príncipe Feliz; El Ruiseñor y la Rosa y otros cuentos |
| 250 | |a 3a. ed | ||
| 300 | |a 112 p | ||
| 942 | |c BK | ||
| 945 | |d 20091014 00:00:00 |a ccalabra | ||
| 260 | |a Santiago |b Andres Bello |c 1996 | ||
| 650 | 0 | |a Literatura |9 259151 | |
| 650 | 0 | |a Literatura inglesa |9 312907 | |
| 650 | 0 | |a Novelas inglesas |9 265220 | |
| 650 | 0 | |a Cuentos ingleses |9 265135 | |
| 650 | 0 | |a Escritores ingleses |9 389424 | |
| 650 | 0 | |a Ficción |9 376687 | |
| 650 | 0 | |a Lectura |9 307634 | |
| 651 | 0 | |a Inglaterra |9 255158 | |
| 583 | |a last modification |c 20091014 00:00:00 |k Rodrigo Vera | ||
| 490 | 0 | |a Colección Andrés Bello, 101 | |
| 999 | |c 336623 |d 336621 | ||